Workshop Practice (Record no. 26511)
[ view plain ]
| 000 -LEADER | |
|---|---|
| fixed length control field | 00314nam a2200157Ia 4500 |
| 082 ## - DEWEY DECIMAL CLASSIFICATION NUMBER | |
| Classification number | 671 |
| Item number | BAW |
| 100 ## - MAIN ENTRY--PERSONAL NAME | |
| Personal name | Bawa/H.S |
| 250 ## - EDITION STATEMENT | |
| Edition statement | 2 |
| 245 ## - TITLE STATEMENT | |
| Title | Workshop Practice |
| 260 ## - PUBLICATION, DISTRIBUTION, ETC. | |
| Name of publisher, distributor, etc. | Tata Mc Graw hill Ltd. |
| Date of publication, distribution, etc. | 2009 |
| 366 ## - TRADE AVAILABILITY INFORMATION | |
| Publishers's discount category | 25 |
| 300 ## - PHYSICAL DESCRIPTION | |
| Extent | 250 |
| 546 ## - LANGUAGE NOTE | |
| Language note | ENGLISH |
| -- | Info.Tech |
| 942 ## - ADDED ENTRY ELEMENTS (KOHA) | |
| Koha item type | BOOK |
| Withdrawn status | Lost status | Damaged status | Not for loan | Collection | Home library | Current library | Date acquired | Source of acquisition | Cost, normal purchase price | Inventory number | Total Checkouts | Full call number | Barcode | Date last seen | Cost, replacement price | Price effective from | Koha item type |
|---|---|---|---|---|---|---|---|---|---|---|---|---|---|---|---|---|---|
| CRC | Fr. Agnel's C.Rodrigues College of Engineering | Fr. Agnel's C.Rodrigues College of Engineering | 17/03/2023 | Allied Publishers | 149.25 | 353 dt 30/04/2010 | 671 BAW | 20637 | 17/03/2023 | 199.00 | BOOK |